ბათუმის შოთა რუსთაველის სახელმწიფო უნივერსიტეტის ბიბლიოთეკა

Теория и практика перевода с английского языка на русский : (ბიბ.ჩანაწერი № 50892)

000 -LEADER
fixed length control field 00827nam a2200217Ia 4500
001 - CONTROL NUMBER
control field 17847
003 - CONTROL NUMBER IDENTIFIER
control field GE_BSU
005 - DATE AND TIME OF LATEST TRANSACTION
control field 20200226142150.0
008 - FIXED-LENGTH DATA ELEMENTS--GENERAL INFORMATION
fixed length control field 181216s2001ru xx |||||||||||||| ||rus||
020 ## - INTERNATIONAL STANDARD BOOK NUMBER
International Standard Book Number 9785204002807
040 ## - CATALOGING SOURCE
Transcribing agency GE_BSU
041 ## - LANGUAGE CODE
Language code of text/sound track or separate title rus
080 ## - UNIVERSAL DECIMAL CLASSIFICATION NUMBER
Universal Decimal Classification number 81'25+811.111 Б-87
100 ## - MAIN ENTRY--PERSONAL NAME
Personal name Бреус,Е.В.
9 (RLIN) 7494
245 ## - TITLE STATEMENT
Title Теория и практика перевода с английского языка на русский :
Remainder of title Часть 1 : Учебное пособие. /
Statement of responsibility, etc. Е.В. Бреус.
264 ## - PRODUCTION, PUBLICATION, DISTRIBUTION, MANUFACTURE, AND COPYRIGHT NOTICE
Place of production, publication, distribution, manufacture Москва :
Name of producer, publisher, distributor, manufacturer Изд-во УРАО,
Date of production, publication, distribution, manufacture, or copyright notice 2001.
300 ## - PHYSICAL DESCRIPTION
Extent 104 стр .:
Dimensions 22 см.
653 ## - INDEX TERM--UNCONTROLLED
keyword Теория и практика перевода с английского языка на русский
653 ## - INDEX TERM--UNCONTROLLED
keyword თარგმნის თეორია
942 ## - ADDED ENTRY ELEMENTS (KOHA)
Koha item type წიგნი
Source of classification or shelving scheme
ეგზემპლარები
Withdrawn status Lost status Source of classification or shelving scheme Damaged status Not for loan Permanent Location Current Location Shelving location Date acquired Full call number Barcode Date last seen Copy number Price effective from Koha item type
          ბათუმის შოთა რუსთაველის სახელმწიფო უნივერსიტეტის მთავარი ბიბლიოთეკა ბათუმის შოთა რუსთაველის სახელმწიფო უნივერსიტეტის მთავარი ბიბლიოთეკა წიგნსაცავი 2018-12-17 81'25+811.111 Б-87 45718 2018-12-17 45718 2018-12-17 წიგნი